00284 a2200121 4500001000700000020001900007040001100026100002100037240004700058245004200105300000600147362000900153183436 a85-08-04-504-2 cMagnum aIacocca, Liliana10aO que fazer? falando de convivêncialpor10aO que fazer? falando de convivência a 0 a2000